|
|
|
|
| LEADER |
01207nam a2200217 i 4500 |
| 003 |
GR-PaULI |
| 005 |
20240805105105.0 |
| 008 |
240805s1988 gr g 000 1 gre d |
| 040 |
|
|
|a GR-PaULI
|b gre
|c GR-PaULI
|e AACR2
|
| 082 |
0 |
4 |
|2 23
|a 792.07
|
| 245 |
0 |
0 |
|a Εισηγήσεις σεμιναρίων θεατρικής παιδείας /
|c Υπουργείο πολιτισμού - γενική γραμματεία λαϊκής επιμόρφωσης.
|
| 246 |
|
4 |
|a Η παράσταση αρχίζει; :
|b κείμενα από σεμινάρια θεάτρου : θεατική βιβλιογραφία.
|
| 260 |
|
|
|a Αθήνα :
|b Υπουργείο Πολιτισμού,
|c 1988.
|
| 300 |
|
|
|a 125 σ. ;
|c 21 εκ.
|
| 650 |
|
0 |
|9 2015
|a Θέατρο
|x Μελέτη και διδασκαλία
|
| 700 |
1 |
|
|9 205287
|a Ντούμος, Κυριάκος
|e επιμελητής.
|
| 700 |
1 |
|
|9 205288
|a Καρατζιά, Γεωργία
|e επιμελήτρια.
|
| 942 |
|
|
|2 ddc
|c BK
|
| 952 |
|
|
|0 0
|1 0
|2 ddc
|4 0
|6 792_070000000000000_ΕΙΣ
|7 1
|9 382725
|a LISP
|b LISP
|c DON
|d 2024-08-05
|e ΛΟΓ
|i 365321
|l 0
|o 792.07 ΕΙΣ
|p 025000310310
|r 2024-08-05 00:00:00
|t 1
|w 2024-08-05
|y BKN
|
| 998 |
|
|
|c Σαλαμούρα
|d 2024-08
|
| 999 |
|
|
|c 222314
|d 222314
|